University Home | Library Home | Institutional Repository

The waiting years / (Record no. 158143)

MARC details
000 -LEADER
fixed length control field 00928cam4a220028900 4500
001 - CONTROL NUMBER
control field lce00795963
008 - FIXED-LENGTH DATA ELEMENTS--GENERAL INFORMATION
fixed length control field 711215s1971 ja 000 1 eng
010 ## - LIBRARY OF CONGRESS CONTROL NUMBER
LC control number 72158644 //r842
015 ## - NATIONAL BIBLIOGRAPHY NUMBER
National bibliography number Ja***
020 ## - INTERNATIONAL STANDARD BOOK NUMBER
International Standard Book Number 0870111590
020 ## - INTERNATIONAL STANDARD BOOK NUMBER
Terms of availability Y1,800 a13.2..1.12
035 ## - SYSTEM CONTROL NUMBER
System control number (Sirsi) r16335
035 ## - SYSTEM CONTROL NUMBER
System control number (DLC) 72158644 //r842
035 ## - SYSTEM CONTROL NUMBER
System control number (UPRA)lce00795963
040 ## - CATALOGING SOURCE
Modifying agency UPRA
041 1# - LANGUAGE CODE
Language code of text/sound track or separate title eng jpn
Language code of original eng jpn
050 0# - LIBRARY OF CONGRESS CALL NUMBER
Classification number PZ3.E562
Item number Wai
Classification number PL826.N3
082 ## - DEWEY DECIMAL CLASSIFICATION NUMBER
Classification number 895.6/3/5
100 1# - MAIN ENTRY--PERSONAL NAME
Personal name Enchi, Fumiko, 1905-
Dates associated with a name Enchi, Fumiko, 1905-
Linkage A73713.1
240 10 - UNIFORM TITLE
Uniform title Onnazaka. English
Language of a work Onnazaka. English
245 14 - TITLE STATEMENT
Title The waiting years /
Statement of responsibility, etc. [by] Fumiko Enchi ; translated by John Bester.
250 ## - EDITION STATEMENT
Edition statement [1st ed.].
260 ## - PUBLICATION, DISTRIBUTION, ETC.
Place of publication, distribution, etc. Tokyo ; Palo Alto, CA :
-- Tokyo ; Palo Alto, CA :
Name of publisher, distributor, etc. Kodansha International,
Date of publication, distribution, etc. [1971]
500 ## - GENERAL NOTE
General note Translation of Onnazaka.
949 ## - LOCAL PROCESSING INFORMATION (OCLC)
a PZ3.E562
w lcc
i -11291
m MAIN
t BOOK
l ON-SHELF

No items available.

© 2026 - The University of Zambia Library - Koha v25.11